Epistolario 1873-1939 / (Record no. 65438)

MARC details
000 -LEADER
campo de control de longitud fija 00589nam a2200181 i 4500
001 - NÚMERO DE CONTROL
campo de control 65438
003 - IDENTIFICADOR DE NÚMERO DE CONTROL
campo de control ES-MaACL
005 - FECHA Y HORA DE LA ÚLTIMA TRANSACCIÓN
campo de control 20240125063130.0
007 - CAMPO FIJO DE DESCRIPCIÓN FÍSICA--INFORMACIÓN GENERAL
campo de control de longitud fija t|
008 - DATOS DE LONGITUD FIJA--INFORMACIÓN GENERAL
campo de control de longitud fija 040113s1963 sp ||||1| spa d
100 1# - ENTRADA PRINCIPAL--NOMBRE DE PERSONA
Nombre de persona Freud, Sigmund,
Fechas asociadas al nombre 1856-1939
9 (RLIN) 52547
245 10 - MENCIÓN DEL TÍTULO
Título Epistolario 1873-1939 /
Mención de responsabilidad, etc. Sigmund Freud ; traducido de la edición inglesa por Joaquín Merino Pérez.
260 ## - PUBLICACIÓN, DISTRIBUCIÓN, ETC.
Lugar de publicación, distribución, etc. Madrid :
Nombre del editor, distribuidor, etc. Biblioteca Nueva,
Fecha de publicación, distribución, etc. 1963.
300 ## - DESCRIPCIÓN FÍSICA
Extensión 525 p., 1 lám. ;
Dimensiones 24 cm.
700 1# - ENTRADA AGREGADA--NOMBRE PERSONAL
Nombre de persona Merino Pérez, Joaquín.
9 (RLIN) 80549
852 ## - LOCALIZACIÓN
Ubicación ES-MaACL
Número de control de estantería C-22764
Sublocalización o colección R.51502
Holdings
Estatus retirado Estado de pérdida Estado de daño No para préstamo Biblioteca de origen Biblioteca actual Ubicación en estantería Fecha de adquisición Fuente de adquisición Total de préstamos Signatura topográfica completa Código de barras Visto por última vez Precio de reemplazo Tipo de ítem Koha
        Biblioteca del Ateneo de Madrid Biblioteca del Ateneo de Madrid Galería 17/01/2008     C-22764 1068560 23/02/2023 23/02/2023 Libro impreso